9 ideas clave: educar en la adolescencia

Guardat en:
Dades bibliogràfiques
Autor principal: Funes Artiaga, Jaume (Autor)
Format: Llibre
Idioma:espanyol
Publicat: Barcelona Graó 2010
Edició:1a. ed
Col·lecció:Serie Familia - Comunidad Educativa / Orientación y Tutoría, 13
Matèries:
Etiquetes: Afegir etiqueta
Sense etiquetes, Sigues el primer a etiquetar aquest registre!

MARC

LEADER 00000cam a2200000 a 4500
001 UCD7022
003 CL-VaPUC
008 170303e20100400sp |||||||||||||||||spa|d
020 |a 9788478279104 
082 0 4 |a 373  |b FUN  |2 21 
100 0 |a Funes Artiaga, Jaume  |e author  |9 590966 
245 1 0 |a 9 ideas clave: educar en la adolescencia 
250 |a 1a. ed 
300 |a 264 p 
942 |c BK 
945 |d 20170303 17:35:00  |a arojas 
260 |a Barcelona  |b Graó  |c 2010 
650 0 |a Psicología educacional   |9 307830 
650 0 |a Psicología del adolescente   |9 307864 
650 0 |a Juventud  |9 271073 
583 |a last modification  |c 20170907 01:46:51  |k Rodrigo Vera 
490 0 |a Serie Familia - Comunidad Educativa / Orientación y Tutoría, 13 
999 |c 367189  |d 367187 
952 |0 0  |1 0  |3 erb  |4 0  |6 373_000000000000000_FUN_2010  |7 0  |8 A  |9 481883  |a BIBEDU  |b BIBEDU  |i 5362172  |o 373 FUN 2010  |p 5362172  |r 2019-11-24  |w 2019-11-24  |y BK  |z Catalogado en:20170303  |k EPE